[Event "THA-ch"]
[Site "Bangkok"]
[Date "2024.04.20"]
[Round "7"]
[White "Burbach, Brunel Baron"]
[Black "Chiravanich, Pathee"]
[Result "1/2-1/2"]
[WhiteElo "1823"]
[BlackElo "1733"]
[PlyCount "76"]
[EventDate "2024.04.17"]
[EventType "swiss"]
[EventRounds "9"]
[EventCountry "THA"]
[SourceTitle "CBM 220 Extra"]
[Source "ChessBase"]
[SourceDate "2024.07.31"]
[SourceVersion "1"]
[SourceVersionDate "2024.07.31"]
[SourceQuality "1"]

1. e4 c5 2. Nf3 d6 3. Bb5+ Bd7 4. Bxd7+ Qxd7 5. 0-0 Nf6 6. Qe2 Nc6 7. c3 e6 8. d4 d5 9. e5 Ne4 10. Nbd2 Nxd2 11. Bxd2 Be7 12. g3 c4 13. Bg5 Bxg5 14. Nxg5 h6 15. Nh3 0-0 16. f4 a5 17. g4 Kh8 18. g5 Ne7 19. Nf2 Nf5 20. Ng4 Qe7 21. Rf3 h5 22. Ne3 Nxe3 23. Qxe3 g6 24. Rff1 b5 25. Rfb1 b4 26. a3 Rfb8 27. Qc1 bxc3 28. bxc3 Rb3 29. Rxb3 cxb3 30. Qb2 Rb8 31. h4 Qc7 32. Kf2 Qc4 33. Ke3 a4 34. Rd1 Rc8 35. Rc1 Rb8 36. Rd1 Rc8 37. Rc1 Rb8 38. Rd1 Rc8 1/2-1/2

[Event "Bangkok Rooky op"]
[Site "Bangkok"]
[Date "2023.10.22"]
[Round "5"]
[White "Tee, Yi Siang Isaac Jens"]
[Black "Chiravanich, Pathee"]
[Result "0-1"]
[WhiteElo "1288"]
[BlackElo "1592"]
[PlyCount "69"]
[EventDate "2023.10.20"]
[EventType "swiss"]
[EventRounds "7"]
[EventCountry "THA"]
[SourceTitle "CBM 216 Extra"]
[Source "ChessBase"]
[SourceDate "2023.11.30"]
[SourceVersion "1"]
[SourceVersionDate "2023.11.30"]
[SourceQuality "1"]

1. c4 e5 2. g3 Nc6 3. Bg2 Nf6 4. Nc3 Be7 5. Nf3 0-0 6. 0-0 d6 7. e3 Be6 8. b3 d5 9. Qe2 e4 10. Ng5 h6 11. Nxe6 fxe6 12. Bh3 Qd6 13. Bb2 a6 14. Bg2 Ne5 15. a4 Nfg4 16. Ba3 Nf3+ 17. Bxf3 exf3 18. Qd1 c5 19. d4 b6 20. h3 Nxe3 21. dxc5 bxc5 22. Ne4 Nxd1 23. Nxd6 Bxd6 24. Raxd1 d4 25. Rfe1 e5 26. Kh2 Rab8 27. Rd3 Rb7 28. Re4 Rfb8 29. Rxf3 Rxb3 30. Rxb3 Rxb3 31. Bc1 Rc3 32. Bd2 Rxc4 33. Rg4 Kf7 34. Re4 Rxa4 35. Bc1 0-1

[Event "THA-ch 45th"]
[Site "Ayutthaya"]
[Date "2022.04.09"]
[Round "3"]
[White "Punyanitya, Prempipath"]
[Black "Chiravanich, Pathee"]
[Result "0-1"]
[WhiteElo "1075"]
[BlackElo "1520"]
[PlyCount "48"]
[EventDate "2022.04.08"]
[EventType "swiss"]
[EventRounds "9"]
[EventCountry "THA"]
[SourceTitle "CBM 207 Extra"]
[Source "ChessBase"]
[SourceDate "2022.05.31"]
[SourceVersion "1"]
[SourceVersionDate "2022.05.31"]
[SourceQuality "1"]

1. e4 e5 2. Nf3 Nc6 3. Bc4 Bc5 4. c3 Nf6 5. d4 exd4 6. e5 d5 7. Bb3 Ne4 8. cxd4 Bb4+ 9. Nbd2 Bg4 10. Ba4 0-0 11. Bxc6 bxc6 12. a3 Bxd2+ 13. Bxd2 Nxd2 14. Kxd2 Rb8 15. b4 Rb6 16. h3 Bf5 17. Re1 Qc8 18. g4 Be4 19. Ke2 Qa6+ 20. Ke3 f6 21. Qe2 Qa4 22. Qd1 Bc2 23. Qc1 Qb3+ 24. Kd2 Qd3# 0-1

[Event "THA-ch"]
[Site "Bangkok"]
[Date "2021.11.07"]
[Round "6"]
[White "Chiravanich, Pathee"]
[Black "Wattanarat, Pasawon"]
[Result "0-1"]
[WhiteElo "1352"]
[BlackElo "1923"]
[PlyCount "42"]
[EventDate "2021.11.05"]
[EventType "swiss"]
[EventRounds "9"]
[EventCountry "THA"]
[SourceTitle "CBM 205 Extra"]
[Source "ChessBase"]
[SourceDate "2022.01.31"]
[SourceVersion "1"]
[SourceVersionDate "2022.01.31"]
[SourceQuality "1"]

1. d4 Nf6 2. c4 e6 3. Nc3 Bb4 4. Bd2 0-0 5. Nf3 d5 6. e3 c6 7. c5 Nbd7 8. a3 Ba5 9. b4 Bc7 10. Bd3 e5 11. dxe5 Nxe5 12. Nxe5 Bxe5 13. h3 d4 14. exd4 Qxd4 15. Bb1 Rd8 16. Ra2 Be6 17. Ne2 Qd7 18. Qc2 Bxa2 19. Bxa2 Qd3 20. Qc1 Ne4 21. 0-0 Qxe2 0-1

[Event "Nonthaburi SEA Games Qual"]
[Site "Nonthaburi"]
[Date "2021.03.05"]
[Round "4.6"]
[White "Chiravanich, Pathee"]
[Black "Prayoonthamrongthiti, Pisut"]
[Result "0-1"]
[WhiteElo "1306"]
[BlackElo "1660"]
[PlyCount "82"]
[EventDate "2021.03.04"]
[EventType "swiss"]
[EventRounds "9"]
[EventCountry "THA"]
[SourceTitle "EXT 2022"]
[Source "ChessBase"]
[SourceDate "2021.10.06"]
[SourceVersion "1"]
[SourceVersionDate "2021.10.06"]
[SourceQuality "1"]

1. e4 c5 2. Nf3 d6 3. d4 cxd4 4. Nxd4 Nf6 5. Nc3 a6 6. f3 Qb6 7. Bc4 e6 8. Bb3 Be7 9. Be3 Qc7 10. Qd2 0-0 11. 0-0-0 b5 12. h4 Nc6 13. g4 Ne5 14. h5 b4 15. Nce2 Nc4 16. Bxc4 Qxc4 17. Kb1 d5 18. g5 Nd7 19. b3 Qc7 20. g6 Nf6 21. h6 fxg6 22. hxg7 Rf7 23. e5 Nh5 24. Nf4 Nxf4 25. Bxf4 Rxg7 26. Rdg1 Qc3 27. Qf2 Bc5 28. Be3 Bd7 29. Nf5 Bxe3 30. Nxe3 Qxe5 31. Ng4 Qc3 32. Qh4 Rf8 33. Nh6+ Kh8 34. Rg3 Rc8 35. Rh2 Qe1+ 36. Kb2 Qc3+ 37. Kb1 e5 38. Rxg6 Rxg6 39. Nf7+ Kg7 40. Qxh7+ Kf6 41. Nd6 Rg1# 0-1

[Event "Nonthaburi SEA Games Qual"]
[Site "Nonthaburi"]
[Date "2021.03.04"]
[Round "2.10"]
[White "Chiravanich, Pathee"]
[Black "Mongkolpradit, Harris"]
[Result "1-0"]
[WhiteElo "1306"]
[BlackElo "1533"]
[PlyCount "83"]
[EventDate "2021.03.04"]
[EventType "swiss"]
[EventRounds "9"]
[EventCountry "THA"]
[SourceTitle "EXT 2022"]
[Source "ChessBase"]
[SourceDate "2021.10.06"]
[SourceVersion "1"]
[SourceVersionDate "2021.10.06"]
[SourceQuality "1"]

1. e4 c5 2. Nf3 Nc6 3. d4 cxd4 4. Nxd4 Nf6 5. Nc3 e5 6. Ndb5 d6 7. f3 a6 8. Na3 b5 9. Nd5 Be7 10. Be3 Rb8 11. Qd2 Bb7 12. Bb6 Qd7 13. Nc7+ Kf8 14. Nd5 Nxd5 15. exd5 Nd8 16. 0-0-0 Ba8 17. Be3 Qc7 18. Qf2 Qa5 19. Kb1 Qc7 20. g3 Nb7 21. Ba7 Re8 22. Bb6 Qd7 23. h4 b4 24. Nc4 Nc5 25. Nxe5 Qf5 26. Bxc5 Qxe5 27. Bd4 Qf5 28. Bh3 Qg6 29. h5 Qh6 30. g4 Bg5 31. Rhf1 Be3 32. Qh4 Bg5 33. Qg3 Bf4 34. Qg2 Qg5 35. Rfe1 Bxd5 36. Rxe8+ Kxe8 37. Qe2+ Kd7 38. Bxg7 Re8 39. Qd3 Be6 40. Qd4 Bxa2+ 41. Kxa2 Qa5+ 42. Kb1 1-0

[Event "Thailand Pattaya U12 op 2nd"]
[Site "Pattaya"]
[Date "2019.10.19"]
[Round "2"]
[White "Sai, Han Thiha"]
[Black "Chiravanich, Pathee"]
[Result "1-0"]
[WhiteElo "1749"]
[BlackElo "1253"]
[PlyCount "50"]
[EventDate "2019.10.19"]
[EventType "swiss"]
[EventRounds "9"]
[EventCountry "THA"]
[SourceTitle "CBM 193 Extra"]
[Source "ChessBase"]
[SourceDate "2020.01.31"]
[SourceVersion "1"]
[SourceVersionDate "2020.01.31"]
[SourceQuality "1"]

1. e4 e5 2. Nf3 Nc6 3. Bc4 Bc5 4. c3 Nf6 5. d3 h6 6. 0-0 0-0 7. Re1 d6 8. Nbd2 Be6 9. Bb3 Bg4 10. h3 Bh5 11. Nf1 Bg6 12. N1d2 Bh5 13. Nf1 Bg6 14. Ne3 Bh5 15. Nf5 Ne7 16. Ng3 Bg6 17. Nh4 Bh7 18. Qf3 Ng6 19. Nhf5 Nd7 20. Nh5 Nh4 21. Qg4 Nxf5 22. exf5 g5 23. fxg6 Kh8 24. g7+ Kg8 25. gxf8Q+ Kxf8 1-0